Jogos Para a Primavera (Registo nº 200229)
[ vista simples ]
| 000 -Etiqueta do registo | |
|---|---|
| Valores | 00990nam 22002653 4500 |
| 010 ## - Número ISBN | |
| ISBN | 972-780-032-7 |
| 021 ## - Número do Depósito Legal | |
| Código do país | Portugal |
| Número | 145 509/99 |
| 100 ## - Dados gerais de processamento | |
| Dados gerais | 20260128d u||y0pory50 ba |
| 101 ## - Língua de publicação | |
| Língua | Português |
| 200 ## - Titulo e menção de responsabilidade | |
| Título próprio | Jogos Para a Primavera |
| Informação de outro título | 100 Jogos Para Todas as Idades |
| Primeira menção de responsabilidade | Josep Maria Allué |
| Outras menções de responsabilidade | Ilustração de Maria Espluga Solé, Núria Colom Canals e Maria Puig Pons ; Tradução de Mafalda Tello ; Revisão de Branca Vilallonga |
| 205 ## - Menção da edição | |
| Edição | 2ª |
| 210 ## - Publicação | |
| Local de publicação | Lisboa |
| Nome do editor | Âncora Editora |
| Data de publicação | 2003 |
| 215 ## - Descrição física | |
| Paginação / Volumes | 80 p. a 2 colons. : il. |
| Outras indicações físicas | Encadernado |
| Dimensões | 29 cm |
| 225 ## - Colecção | |
| Título próprio da colecção | Jogos para todo o ano |
| 606 ## - Nome comum usado como assunto | |
| ID Autoridade | 16060 |
| Palavra de ordem | Desporto |
| Subdivisão assunto | Brincadeiras Infantis. Jogos de Ação |
| 675 ## - CDU | |
| Notação | 793.4(076)/ALL/JOG |
| Edição | PT |
| Língua | por |
| 700 ## - Autor principal (pessoa individual) | |
| ID Autoridade | 16061 |
| Apelido | Allué |
| Nome | Josep Maria |
| 702 ## - Autor secundário (pessoa individual) | |
| ID Autoridade | 16062 |
| Apelido | Solé |
| Nome | Maria Espluga |
| 702 ## - Autor secundário (pessoa individual) | |
| ID Autoridade | 16063 |
| Apelido | Canals |
| Nome | Núria Colom |
| 702 ## - Autor secundário (pessoa individual) | |
| ID Autoridade | 16064 |
| Apelido | Pons |
| Nome | Maria Puig |
| 801 ## - Fonte de origem | |
| País | PT |
| Agência | BMMN |
| Regras de catalogação | RPC |
| 830 ## - Notas gerais do catalogador | |
| Criado por | Carlos Pinto |
| Data de criação | 28-01-2026 |
| Indexado por | Carlos Pinto |
| 990 ## - Elementos KOHA | |
| Tipo de documento | Livro |
| Situação do levantamento | Biblioteca de origem | Código de barras | Cota | Permissão de empréstimo | Tipo de documento | Forma de aquisição |
|---|---|---|---|---|---|---|
| Biblioteca Escolar nº 2 | 29343 | 793.4(076)/ALL/JOG | Livro | Compra |